| 000 | 00451nam a22001817a 4500 | ||
|---|---|---|---|
| 999 |
_c7487 _d7487 |
||
| 003 | OSt | ||
| 005 | 20211116102504.0 | ||
| 008 | 211116b ||||| |||| 00| 0 eng d | ||
| 020 | _a9781844801336 | ||
| 040 | _cDDC | ||
| 082 | _a330 MAN 2008 | ||
| 100 |
_aMankiw, Gregory N.: Mark P. Taylor _915344 |
||
| 245 | _aEconomics. | ||
| 300 |
_axxxiv,830p.: _bcol ill; _c27cm. |
||
| 504 | _aIncludes Index. | ||
| 650 |
_aEconomics. _9975 |
||
| 942 |
_2ddc _cBOOK |
||